[Event "Huocheng Xinjiang rapid"]
[Site "Huocheng County"]
[Date "2017.08.03"]
[Round "7"]
[White "Zhou, Jianchao"]
[Black "Abudureheman, Namaiti"]
[Result "1-0"]
[WhiteElo "2597"]
[BlackElo "2008"]
[PlyCount "105"]
[EventDate "2017.08.02"]
[EventType "tourn (rapid)"]
[EventRounds "9"]
[EventCountry "CHN"]
[EventCategory "14"]
[SourceTitle "CBM 180"]
[Source "ChessBase"]
[SourceDate "2017.09.13"]
[SourceVersion "1"]
[SourceVersionDate "2017.09.13"]
[SourceQuality "1"]

1. d4 Nf6 2. c4 e6 3. Nc3 Bb4 4. Qc2 0-0 5. a3 Bxc3+ 6. Qxc3 b6 7. Bg5 Bb7 8. f3 h6 9. Bh4 d5 10. e3 Nbd7 11. cxd5 Nxd5 12. Bxd8 Nxc3 13. Bh4 Nd5 14. Kf2 f5 15. Bc4 c5 16. Ne2 Rac8 17. Rac1 cxd4 18. Nxd4 g5 19. Bg3 f4 20. exf4 gxf4 21. Bh4 Ne5 22. Be2 Ng6 23. Nxe6 Rfe8 24. Nd8 Rcxd8 25. Bxd8 Rxd8 26. Rhd1 Kf7 27. Rc7+ Nxc7 28. Rxd8 Ne5 29. Rh8 Kg7 30. Rb8 Bd5 31. Ke1 Ne6 32. Kd2 h5 33. Kc3 Ng6 34. Bc4 Bxc4 35. Kxc4 Nh4 36. Kd5 Ng5 37. g3 Nhxf3 38. gxf4 Nf7 39. h3 Ng1 40. Rb7 Nxh3 41. Ke4 Kf6 42. Rxa7 Nd6+ 43. Kf3 Ng1+ 44. Kf2 Nh3+ 45. Kg3 Ng1 46. Ra6 Ne2+ 47. Kf2 Nxf4 48. Rxb6 Ke5 49. a4 h4 50. a5 Nc4 51. Rb5+ Kd6 52. a6 Nd5 53. Rb8 1-0

[Event "Huocheng Xinjiang rapid"]
[Site "Huocheng County"]
[Date "2017.08.02"]
[Round "3"]
[White "Tan, Zhongyi"]
[Black "Abudureheman, Namaiti"]
[Result "1-0"]
[WhiteElo "2506"]
[BlackElo "2008"]
[PlyCount "86"]
[EventDate "2017.08.02"]
[EventType "tourn (rapid)"]
[EventRounds "9"]
[EventCountry "CHN"]
[EventCategory "14"]
[SourceTitle "CBM 180"]
[Source "ChessBase"]
[SourceDate "2017.09.13"]
[SourceVersion "1"]
[SourceVersionDate "2017.09.13"]
[SourceQuality "1"]

1. d4 Nf6 2. c4 e6 3. Nf3 Bb4+ 4. Bd2 Qe7 5. g3 b6 6. Bg2 Bb7 7. 0-0 0-0 8. Bc1 Qd8 9. a3 Be7 10. Nc3 Ne4 11. Qc2 Nxc3 12. Qxc3 d5 13. cxd5 Bxd5 14. Rd1 Nd7 15. Bf4 Bd6 16. Ne5 Bxg2 17. Kxg2 Nf6 18. Qc6 Nd5 19. Bd2 Ne7 20. Qe4 Bxe5 21. Qxe5 Qd5+ 22. Qxd5 Nxd5 23. Rac1 Rfc8 24. e4 Nf6 25. f3 c5 26. dxc5 bxc5 27. Bf4 Ne8 28. Rc4 Rc6 29. Rdc1 Rac8 30. Be3 f6 31. Rxc5 Rxc5 32. Rxc5 Rb8 33. b4 Rd8 34. Ra5 Rd3 35. Bxa7 Nd6 36. Bc5 Nc4 37. Ra8+ Kf7 38. b5 Rd2+ 39. Kh3 Ne5 40. b6 Nxf3 41. b7 g5 42. b8Q Rxh2+ 43. Kg4 Ne5+ 1-0